New media (Record n. 90025)

Dettagli MARC
000 -LEADER
fixed length control field 01477nam a2200313Ia 4500
001 - CONTROL NUMBER
control field G5019
003 - CONTROL NUMBER IDENTIFIER
control field IT-RoPAU
008 - FIXED-LENGTH DATA ELEMENTS--GENERAL INFORMATION
fixed length control field 130308s9999 xx 000 0 und d
040 ## - CATALOGING SOURCE
Original cataloging agency IT-RoPAU
040 ## - CATALOGING SOURCE
Transcribing agency IT-RoPAU
041 ## - LANGUAGE CODE
Language code of text/sound track or separate title ITALIANO
100 ## - MAIN ENTRY--PERSONAL NAME
Personal name Mastroiani Michele
100 ## - MAIN ENTRY--PERSONAL NAME
Miscellaneous information Codice Aut. SPICS: 54940
245 ## - TITLE STATEMENT
Title New media
245 ## - TITLE STATEMENT
Remainder of title New Media
250 ## - EDITION STATEMENT
Edition statement 1a ed.
260 ## - PUBLICATION, DISTRIBUTION, ETC. (IMPRINT)
Place of publication, distribution, etc. NAPOLI
260 ## - PUBLICATION, DISTRIBUTION, ETC. (IMPRINT)
Name of publisher, distributor, etc. Ellissi
260 ## - PUBLICATION, DISTRIBUTION, ETC. (IMPRINT)
Date of publication, distribution, etc. 2000 [1° Ed.:2000 - Ed.Ling.Originale:2000]
300 ## - PHYSICAL DESCRIPTION
Extent "256 p. (prefazione: no ; testo: 256 [pagine: 0-0])"
500 ## - GENERAL NOTE
General note "New Media: New Media Digitali, codifica Analogica e codifica Digitale; Computer Primo medium Digitale; un Po' di Storia del Digitale. Dai Mass Media a quelli Digitali: fasi Dello Sviluppo della Comunicazione Umana, Trasformazioni Digitali dei Mass Media, Società dell'Informazione. Vita nel Cyberspazio: tribù Digitale, Società Digitale, Broadcast in Rete. Strumenti: consigli di Lettura; Cronologia Sulle principali tappe Dello Sviluppo Tecnico e produttivo dei New Media; Schede biografiche dei protagonisti della Storia Tecnica e produttiva dei New Media; Glossario che Indicizza I termini Utilizzati nel Volume; Bibliografia Ragionata."
650 ## - SUBJECT ADDED ENTRY--TOPICAL TERM
Topical term or geographic name as entry element ENCICLOPEDIE DELLA MULTIMEDIALITA'
650 ## - SUBJECT ADDED ENTRY--TOPICAL TERM
Relator term Codice materia Spics: 4251
700 ## - ADDED ENTRY--PERSONAL NAME
Personal name Prigiobbo AntonioVellutino Daniela
700 ## - ADDED ENTRY--PERSONAL NAME
Miscellaneous information Codice Aut. SPICS: 54941Codice Aut. SPICS: 54938
942 ## - ADDED ENTRY ELEMENTS (KOHA)
Koha item type LIBRO
957 ## -
-- 1
999 ## - SYSTEM CONTROL NUMBERS (KOHA)
-- 1
Dati di copia
Withdrawn status Lost status Damaged status Not for loan Home library Current library Date acquired Total Checkouts Full call number Date last seen Price effective from Koha item type Public note
    Buone Condizioni Not For Loan SPICS-MEDIATECA SPICS-MEDIATECA 08/03/2013   G5019 08/03/2013 08/03/2013 LIBRO Progressivo inserimento: 19464 / N. Volumi: 1 Copie: 1 / data import: 1 marzo 2013 - By Epidotti, Trombetti, Vaglietti.
CREDITS: SOCIETA' SAN PAOLO Via A.Severo, 58 - ROMA (RM) & PERIODICI SAN PAOLO SRL Via Giotto, 36 MILANO & CISF Via Giotto, 36 MILANO & EDIZIONI SAN PAOLO SRL,  Piazza Soncino, 5 CINISELLO BALSAMO (MI) -- ITALY